000
00194nam a2200073Ia 4500
008
170817s9999 xx 000 0 und d
100
_a
Upraiti.Mishrilal
245
0
_a
Ganit Evam Uska Shikshan
260
_b
Agarwal Prakashan Agara
999
_c
39393
_d
39393